International relations : (Record no. 2370)
[ view plain ]
| 000 -LEADER | |
|---|---|
| fixed length control field | 01577nac a22002771u 4500 |
| 010 ## - LIBRARY OF CONGRESS CONTROL NUMBER | |
| LC control number | 2006000763 |
| 020 ## - INTERNATIONAL STANDARD BOOK NUMBER | |
| International Standard Book Number | 0521681502 (pbk.) |
| 020 ## - INTERNATIONAL STANDARD BOOK NUMBER | |
| International Standard Book Number | 9780521681506 (pbk.) |
| 020 ## - INTERNATIONAL STANDARD BOOK NUMBER | |
| International Standard Book Number | 0521862809 (hardback) |
| 020 ## - INTERNATIONAL STANDARD BOOK NUMBER | |
| International Standard Book Number | 9780521862806 (hardback) |
| 082 00 - DEWEY DECIMAL CLASSIFICATION NUMBER | |
| Classification number | 341 |
| Item number | S3653 |
| 090 ## - LOCALLY ASSIGNED LC-TYPE CALL NUMBER (OCLC); LOCAL CALL NUMBER (OCLC) | |
| -- | 2370 |
| -- | 2370 |
| 100 ## - MAIN ENTRY--PERSONAL NAME | |
| Personal name | Schoenbaum, Thomas J. |
| 245 10 - TITLE STATEMENT | |
| Title | International relations : |
| Remainder of title | the path not taken : using international law to promote world peace and security / |
| Statement of responsibility, etc | Thomas J. Schoenbaum. |
| 260 ## - PUBLICATION, DISTRIBUTION, ETC. (IMPRINT) | |
| Place of publication, distribution, etc | Cambridge; |
| -- | New York : |
| Name of publisher, distributor, etc | Cambridge University Press,2006 |
| Date of publication, distribution, etc | 2006. |
| 300 ## - PHYSICAL DESCRIPTION | |
| Extent | xv, 320 p. ; |
| Dimensions | 24 cm. |
| 504 ## - BIBLIOGRAPHY, ETC. NOTE | |
| Bibliography, etc | Includes bibliographical references and index. |
| 505 0# - FORMATTED CONTENTS NOTE | |
| Formatted contents note | Introduction : two very different wars in Iraq -- The twenty-first century : the end of history or a new beginning? -- International power politics -- A new global order based on international law and multilateralism -- Peace and security : reinventing the United Nations -- International political economy -- International environmental protection -- International human rights -- International crimes -- Conclusions. |
| 650 #0 - SUBJECT ADDED ENTRY--TOPICAL TERM | |
| Topical term or geographic name as entry element | International law. |
| 650 #0 - SUBJECT ADDED ENTRY--TOPICAL TERM | |
| Topical term or geographic name as entry element | International relations. |
| 650 #0 - SUBJECT ADDED ENTRY--TOPICAL TERM | |
| Topical term or geographic name as entry element | Security, International. |
| 856 41 - ELECTRONIC LOCATION AND ACCESS | |
| Materials specified | Table of contents only |
| Uniform Resource Identifier | <a href="http://www.loc.gov/catdir/toc/ecip066/2006000763.html">http://www.loc.gov/catdir/toc/ecip066/2006000763.html</a> |
| 856 41 - ELECTRONIC LOCATION AND ACCESS | |
| Materials specified | Publisher description |
| Uniform Resource Identifier | <a href="http://www.loc.gov/catdir/enhancements/fy0633/2006000763-d.html">http://www.loc.gov/catdir/enhancements/fy0633/2006000763-d.html</a> |
| 942 ## - ADDED ENTRY ELEMENTS (KOHA) | |
| Item type | Book - Borrowing |
| Call number prefix | 341 S3653 |
| Withdrawn status | Item status | Source of classification or shelving scheme | Damaged status | Not for loan | Home library | Current library | Shelving location | Date acquired | Source of acquisition | Total Checkouts | Total Renewals | Full call number | Barcode | Date last seen | Date last borrowed | Koha item type |
|---|---|---|---|---|---|---|---|---|---|---|---|---|---|---|---|---|
| Lost & Replaced | Dewey Decimal Classification | Central Library | Central Library | First floor | 19/02/2007 | Purchase | 10 | 22 | 341 SCH | 000001690 | 19/02/2018 | 15/06/2015 | Book - Borrowing | |||
| Dewey Decimal Classification | Central Library | Central Library | First floor | 20/02/2018 | Exchange | 1 | 1 | 341 SCH | 000042996 | 15/07/2025 | 20/02/2018 | Book - Borrowing |